000 00606cab a2200193 4500
001 L136740
008 070220n2007 000 0 eng u
035 _a(Sirsi) u136740
041 0 _aeng
100 1 _aPemble, Stuart
245 0 0 _aJust hot air?
260 _c2007
490 0 0 _aNew Law Journal
_v157(7259) 9 February 2007, 197(1)
520 _aLooks at UK government plans for carbon-neutral homes and asks whether they are realistic.
590 _aKA
651 4 _aEngland and Wales
_y1543-
690 _aENVIRONMENTAL AND LAND CONSULTANCY-PLANNING AND DEVELOPMENT-PLANNING REFORM
942 _n0
999 _c78427
_d78427